000
00454nam a2200169Ia 4500
008
090711s9999 xx 000 0 und d
082
_b
45790
100
_a
ओक अनंत
245
_a
उमलत्या फुला
260
_c
1981
300
_a
59
600
_a
ओक अनंत
630
_a
उमलत्या फुला
700
_a
ओक अनंत
730
_a
उमलत्या फुला
942
_c
BOOK
999
_c
306504
_d
306504